000 00446nam a2200169 i 4500
001 bg
100 1 _aDĄBKOWSKI, Andrzej
245 0 _aPerspektywy i uwarunkowania rozwoju zastosowań informatyki /
_cAndrzej Dąbkowski.
260 _aWarszawa,
_c1983.
490 1 _aProblemy Informatyki
830 _aProblemy Informatyki
040 _cBPK
041 _apol
080 _a681.3
942 _cKS
008 s pl f |000 0 pol
999 _c22027
_d22027
856 _uhttp://koha.tu.koszalin.pl/cgi-bin/koha/opac-detail.pl?biblionumber=22027
_yKatalog online BPK